| 000 | 01617nam0a22002771 4500 | ||
|---|---|---|---|
| 001 | rc\3589879 | ||
| 005 | 20250610044838.0 | ||
| 035 | _a(NLR Aleph) 007701812 | ||
| 090 |
_a6754746 _c6754746 |
||
| 100 | _a20130115d1970 |||y0rusy50 ca | ||
| 101 | 0 | _arus | |
| 102 | _aRU | ||
| 105 | _ay z ||||| | ||
| 200 | 1 |
_aПроблемы и основные пути повышения эффективности производства в черной металлургии _e(Доклад на Всесоюз. семинаре по повышению эффективности металлург. производства в новых условиях планирования и экон. стимулирования) _fМ-во черной металлургии СССР. ЦК профсоюза рабочих металлург. пром-сти. Науч.-техн. о-во черной металлургии. Центр. науч.-исслед. ин-т информации и техн.-экон. исследований черной металлургии |
|
| 210 |
_aМосква _cБ. и. _d1970 |
||
| 215 |
_a34 с. _d21 |
||
| 300 | _aНа обл. авт. не указан | ||
| 309 | _aОтпеч. множит. аппаратом | ||
| 333 | _aДля служебного пользования. Экз. № 4 | ||
| 700 | 1 |
_aПопов _bД. И. _cд-р экон. наук, металлургия _gДмитрий Иванович _9230475 _3RU\NLR\AUTH\770230531 |
|
| 801 | 0 |
_aRU _bNLR _gpsbo |
|
| 801 | 1 |
_aRU _bELAR _2rusmarc |
|
| 852 |
_aNLR _j50К/24328 |
||
| 942 | _cBOOK | ||
| 980 | _aNB | ||